MESTSKÁ KNIŽNICA GIRALTOVCE  - online katalóg 

Správní právo procesní / (Record no. 23975)

000 -NÁVESTIE
fixed length control field 01117nam a2200349 a 4500
001 - EVIDENČNÉ ČÍSLO ZÁZNAMU - Kontrolné číslo
control field MED00134453
005 - DÁTUM A ČAS POSLEDNEJ TRANSAKCIE
control field 20251024081233.0
008 - ÚDAJE S PEVNOU DĹŽKOU – VŠEOBECNÉ INFORMÁCIE
fixed length control field 060106s2005 xr cze||
020 ## - MEDZINÁRODNÉ ŠTANDARDNÉ ČÍSLO KNIHY (ISBN)
Medzinárodné štandardné číslo knihy (ISBN) 8086861538
040 ## - ZDROJ KATALOGIZÁCIE
Pôvodná katalogizujúca agentúra ABE015
Jazyk katalogizácie cze
Modifikujúca agentúra ABE015
Konvencie popisu AACR2
Prepisujúca agentúra sk
041 0# - KÓD JAZYKA
Kód jazyka textu/zvukovej stopy alebo samostatných nápisov cze
044 ## - KÓD KRAJINY VYDAVATEĽA/PRODUCENTA
Kód krajiny MARC xr
Kód krajiny ISO CZ
072 #7 - KÓD PREDMETOVEJ KATEGÓRIE
Pododdiel kódu predmetovej kategórie Veřejná správa
Kód predmetovej kategórie 35
Zdroj konspekt
080 ## - ČÍSLO MEDZINÁRODNÉHO DESATINNÉHO TRIEDENIA (MDT)
Číslo Medzinárodného desatinného triedenia (MDT) 35
Identifikátor vydania h
100 1# - OSOBNÉ MENÁ – VŠEOBECNÉ INFORMÁCIE
Osobné meno Skulová, Soňa,
Kód roly aut
Dátumy súvisiace s menom 1956-
-- 5109
245 10 - NÁZOV
Názov Správní právo procesní /
Údaj o zodpovednosti atď. Soňa Skulová ... [et al.]
250 ## - ÚDAJ O PORADÍ VYDANIA
Údaj o poradí vydania 1. vyd.
260 ## - VYDAVATEĽSKÉ ÚDAJE, DISTRIBÚCIA ATĎ.
Miesto publikovania, distribúcie atď. Praha :
Názov vydavateľa, distibútora atď. Eurolex Bohemia,
Dátum publikovania, distribúcie atď. 2005
300 ## - FYZICKÝ POPIS
Rozsah 279 s.
650 07 - PRIDANÝ VSTUP – PREDMET – TEMATICKÉ HESLO
Tematické heslo alebo geografický názov ako vstupný prvok státní správa
Zdroj hesla alebo termínu czmesh
-- 5110
650 07 - PRIDANÝ VSTUP – PREDMET – TEMATICKÉ HESLO
Tematické heslo alebo geografický názov ako vstupný prvok místní státní správa
Zdroj hesla alebo termínu czmesh
-- 5111
650 07 - PRIDANÝ VSTUP – PREDMET – TEMATICKÉ HESLO
Tematické heslo alebo geografický názov ako vstupný prvok zákonodárství jako téma
Zdroj hesla alebo termínu czmesh
-- 5112
650 07 - PRIDANÝ VSTUP – PREDMET – TEMATICKÉ HESLO
Tematické heslo alebo geografický názov ako vstupný prvok prosazení zákonů
Zdroj hesla alebo termínu czmesh
-- 5113
650 07 - PRIDANÝ VSTUP – PREDMET – TEMATICKÉ HESLO
Tematické heslo alebo geografický názov ako vstupný prvok právní vědy
Zdroj hesla alebo termínu czmesh
-- 5114
650 07 - PRIDANÝ VSTUP – PREDMET – TEMATICKÉ HESLO
Tematické heslo alebo geografický názov ako vstupný prvok právo, zákonodárství
Zdroj hesla alebo termínu mednas
-- 5115
650 07 - PRIDANÝ VSTUP – PREDMET – TEMATICKÉ HESLO
Tematické heslo alebo geografický názov ako vstupný prvok státní správa
Zdroj hesla alebo termínu mednas
-- 5110
653 0# - INDEXAČNÝ TERMÍN – VOĽNÉ INDEXOVANIE
Neriadený termín správní právo procesní
653 0# - INDEXAČNÝ TERMÍN – VOĽNÉ INDEXOVANIE
Neriadený termín správní řízení
653 0# - INDEXAČNÝ TERMÍN – VOĽNÉ INDEXOVANIE
Neriadený termín správní rozhodnutí
653 0# - INDEXAČNÝ TERMÍN – VOĽNÉ INDEXOVANIE
Neriadený termín veřejná správa
655 #7 - INDEXAČNÝ TERMÍN – ŽÁNER/FORMA
Údaje o žánri/forme alebo termín, ktorý je prvok fazety učebnice
Zdroj termínu czmesh
-- 3122
Holdings
Stav stiahnutia (Blokovanie) (Withrawn status) Stav straty Zdroj klasifikácie pre skladovanie Stav poškodenia (Damaged status) Nie pre výpožičky (Not for loan) Spôsob nadobudnutia (Collection code) Trvalé umiestnenie Aktuálne umiestnenie Dátum nadobudnutia Inventárne číslo (prírastkové číslo) Celkom výpožičky Celkom prolongácie (predĺženia) Full call number Čiarový kód Vypožičaných Dátum posledného výskytu Dátum poslednej výpôžičky Cena s účinnosťou od Typ jednotky Koha
          Dar Mestská knižnica Giraltovce Mestská knižnica Giraltovce 2025-10-24 22331 1 3 S1603 S1603 2026-02-03 2025-11-07 2025-11-07 2025-10-24 Odborná literatúra pre dospelých

Powered by Koha